00673nam a22002177a 450000500170000001000110001702000100002803500110003803700160004908200130006510000170007824500730009526000500016827000230021830000250024165000110026665000190027794200220029699900190031895201180033720170124110120.0 a092329 c04.00 a092329 bCen Lib/Ret a935bMUG aMugali, R.S. aThe haritage of Karnataka :cby R.S.Mugalibin relation to India / aBangalorbSatyasodhana Publishing Housec1946 aBangalorbBangalor axiv,232p. c17cm(Hb) aTravel aIndian Culture 2ddccENh935mMUG c130973d130973 00104070aLbLd2015-07-11eCen Lib/Retg4.00l0o935 MUGp092329r2015-07-11 00:00:00t1v4.00w2015-07-11yEN